000 01288nam0a22002891 4500
001 rc\3128025
005 20260407081439.0
021 _aRU
_b[76-60568]
035 _a(NLR Aleph) 007313858
090 _a5838340
_c5838340
100 _a20120615g19751976|||y0rusy50 ca
101 0 _arus
102 _aRU
105 _aa z |||||
200 1 _aПодземная разработка тонких и средней мощности угольных пластов
_e[Сборник статей]
_fТульск. политехн. ин-т
_g[Науч. ред. д-р техн. наук, проф. В.Л. Попов]
210 _aТула
_cТПИ
_d1975 (вып. дан. 1976)
215 _a166 с.
_cил.
_d19
320 _aСписки лит. в конце статей
606 _aУгольные месторождения
_xСистемы разработки
_jСборники
_2psbo
702 1 _4340
_aПопов
_bВ. Л.
_cд-р техн. наук, горное дело
_gВалерий Львович
_9243205
_3RU\NLR\AUTH\770243261
712 0 2 _aТульский политехнический институт
_3RU\NLR\AUTH\886982
_9285939
801 0 _aRU
_bNLR
_gpsbo
801 1 _aRU
_bELAR
_2rusmarc
852 _aNLR
_j77-3/403
942 _cBOOK
980 _aNB